| 000 | 00000nas 2200000za 4500 |
| 001 | 9.855736 |
| 003 | CaOODSP |
| 005 | 20221107155353 |
| 007 | cr ||||||||||| |
| 008 | 180425d19501959oncar p oss f0###a0eng|d |
| 040 | |aCaOODSP|beng |
| 043 | |an-cn--- |
| 086 | 1 |aCS47-205E-PDF |
| 245 | 04|aThe miscellaneous industries |h[electronic resource]. |
| 260 | |aOttawa : |bDominion Bureau of Statistics, Industry and Merchandising Division, General Manufactures Section, |c[1953?]-1961. |
| 310 | |aAnnual |
| 362 | 0 |a1950-1959. |
| 500 | |aTitle from cover. |
| 500 | |aDigitized edition from print [produced by Statistics Canada]. |
| 515 | |aIssues for 1950-1951/1952 called v. 2, pt. 7-E-1; 1953 called v. 2, pt. 17-E-1; 1954-1957 called v. 2, pt. 19-E-1. |
| 515 | |aIssues for 1937-1949 not published. |
| 550 | |aIssued 1953-1956 by Textiles and Miscellaneous Products Section; 1957-1959 by Industry and Merchandising Division. |
| 580 | |aSplit into: Electric lamp and shade industry; Miscellaneous manufacturing industries ; Scientific and professional equipment manufacturers; Pen and pencil and typewriter supplies manufacturers; Signs and displays industry (Final); and, Plastics fabricators, n.e.s. |
| 580 | |aA part of Miscellaneous industries merged with Sporting goods industry; and, Bicycle manufacturing industry to become: Sporting goods and toy industry. |
| 692 | 07|2gccst|aManufacturing industry |
| 710 | 1 |aCanada. |bDominion Bureau of Statistics. |bGeneral Manufactures Section. |
| 710 | 1 |aCanada.|bDominion Bureau of Statistics.|bTextiles and Miscellaneous Products Section. |
| 710 | 1 |aCanada. |bDominion Bureau of Statistics. |bIndustry and Merchandising Division. |
| 785 | 00|tSporting goods and toy industry |w(CaOODSP)9.855618 |
| 785 | 00|tMiscellaneous manufacturing industries |w(CaOODSP)9.855747 |
| 785 | 00|tScientific and professional equipment manufacturers |w(CaOODSP)9.855858 |
| 785 | 00|tPen and pencil and typewriter supplies manufacturers |w(CaOODSP)9.855886 |
| 785 | 00|tPlastics fabricators, n.e.s. |w(CaOODSP)9.856098 |
| 785 | 00|tSigns and displays industry |w(CaOODSP)9.856468 |
| 785 | 00|tElectric lamp and shade industry |w(CaOODSP)9.864628 |